000 00752nam a2200193Ia 4500
008 0000001985 fr a 0000000000fre00
090 _aPUN00 B27v
100 1 _aBernard, Héliane
245 1 0 _aVlamidir MaKarenko
_c/ texte Heliane Bernard
300 _a[26] p.
_c/ 21 cm.
500 _aExposición realizada en Association Champs des Arts, Lyon, Octubre 2 Noviembre 2, 1985 \ Con el patronazgo del maestro venezolano Jesús Rafael Soto (q.e.p.d.)
600 0 0 _aMAKARENKO, VLADIMIR, 1943/
_xTRABAJOS PICTORICOS
650 1 4 _aARTE CONTEMPORANEO UCRANIANO
650 1 4 _xCATALOGOS
650 1 4 _xEXPOSICIONES
650 1 4 _aPINTORES UCRANIANOS
650 1 4 _aPINTURA UCRANIANA
999 _c6808
_d6808
260 _aLyon : Association Champs des Arts
_c1985